LEADER 01232nam a2200277 u 4500 001 000000067434 003 CaOOAMICUS 005 20070226121704.0 008 020208s1895 fr u000 u fre u 035 $a10920082 040 $aPUL(R)$bita 041 1 $afre$heng 100 1 $aZahm, John Augustine,$d1851-1921.$0(OLS)http://pul/name/45041 245 10$aBible, science et foi /$cR. P. Zahm ; traduit de l'anglais par l'abbé J. Flageolet. 260 $aParis :$bLethielleux,$c1895. 300 $axv, 320 p. ;$c19 cm 650 4$aReligione e scienza.$0(OLS)http://pul/subject/147 700 1 $aFlageolet, J.,$csac.$0(OLS)http://pul/name/45042 850 $aPUL 852 $aPUL$W1$xDP1 Antico 800$y27$m60 B 11$j87239$nBK-PRI$b $qStampati Antico$B87239$CPULBib$Z2$F87239 $81 852 $aPUL$W1$xDP1 Fondo Cecchetti$y53$m260 M 51$j87240$nBK-PRI$b3. copia$qFondi$B87240$CPULBib$Z2$F87240 $81 852 $aPUL$W1$xDP1 Fondo Cecchetti$y53$m263 C 31$j87241$nBK-PRI$b $qFondi$B87241$CPULBib$Z2$F87241 $HPUL452 $81 941 1 $a15 941 1 $a1 996 $6245$aBible, science et foi$9(OLS)http://pul/title/89393 996 $6260$aParis :$bLethielleux$9(OLS)http://pul/publisher/50072 LEADER 01042nam a2200265 a 4500 001 000000136186 003 CaOOAMICUS 005 20131114115820.0 008 131114s2005 it u000 u ita r 020 $a88-88828-42-7 040 $aPUL$bita 082 04$a226.6 245 00$aAtti degli apostoli /$ccommento di Vincenzo Paglia. 260 $aMilano :$bLeonardo,$c©2005. 300 $a172 p. ;$c19 cm 630 04$aBiblia.$pN.T.$pActus apostolorum.$0(OLS)http://pul/subject/8256 700 1 $aPaglia, Vincenzo,$cvescovo emerito di Terni-Narni-Amelia,$d1945-$0(OLS)http://pul/name/17838 850 $aPUL 852 $aPUL$W1$xSL Religione 3$y85$m226. 6 PAGVI 1$j156957$qDDC 21$B156369$CPULBib$Z2$F156369 $H123135 $82 941 1 $a9 996 $6020$a88-88828-42-7$9(OLS)http://pul/number/153936 996 $6082$a226.6$9(OLS)http://pul/classification/437 996 $6245$aAtti degli apostoli$9(OLS)http://pul/title/43533 996 $6260$aMilano :$bLeonardo$9(OLS)http://pul/publisher/69142